Caricamento...
Kavyollasa /
| Altri autori: | |
|---|---|
| Natura: | Printed Book |
| Lingua: | Sanskrit |
| Pubblicazione: |
Delhi:
Nag Publisher,
2005.
|
| Soggetti: |
| LEADER | 00512cam a2200169ua 4500 | ||
|---|---|---|---|
| 008 | 121205t2005||||||||||| 00 ||san c | ||
| 041 | 0 | |a san | |
| 082 | |a S 808.1 |b NEE/K | ||
| 245 | 0 | 0 | |a Kavyollasa / |
| 260 | |a Delhi: |b Nag Publisher, |c 2005. | ||
| 300 | |a 195p.. | ||
| 362 | 1 | |a 2005. | |
| 650 | 0 | |a Literary criticism | |
| 700 | 0 | 2 | |a Neelakantha, |
| 942 | |c BK | ||
| 999 | |c 28100 |d 28100 | ||
| 952 | |0 0 |1 0 |4 0 |6 S_808_100000000000000_NEE |7 0 |9 29879 |a KUCL |b KUCL |d 2014-05-23 |l 1 |o S 808.1 NEE/ |p 29918 |r 2016-09-09 |s 2016-07-21 |w 2014-05-23 |y BK | ||